Техника высоких напряжений (13.03.02) / ОФО 2016 / ДО 2015: электронный курс
| Hovedforfatter: | |
|---|---|
| Institution som forfatter: | |
| Andre forfattere: | , |
| Summary: | Заглавие с экрана В курсе "Техника высоких напряжений" рассматриваются вопросы о процессах, происходящих в диэлектрических средах под воздействием сильных электрических полей, видах, классах и принципах функционирования изоляции высоковольтного электрооборудования. Кроме этого, рассматриваются вопросы о методах и устройствах измерения на высоком напряжении, о физических основах появления перенапряжений и способах борьбы с ними, а также у обучающихся формируются умения и навыки эксплуатации изоляции высоковольтной техники. Особое внимание уделяется разрядам в воздухе на переменном и постоянном напряжении. Кроме этого, рассматриваются типы перенапряжений и защиты от них. Доступ по логину и паролю |
| Sprog: | russisk |
| Udgivet: |
Томск, TPU Moodle, 2019
|
| Fag: | |
| Online adgang: | https://design.lms.tpu.ru/course/view.php?id=2914 |
| Format: | Electronisk Bog |
| KOHA link: | https://koha.lib.tpu.ru/cgi-bin/koha/opac-detail.pl?biblionumber=665729 |
MARC
| LEADER | 00000nlm0a2200000 4500 | ||
|---|---|---|---|
| 001 | 665729 | ||
| 005 | 20240209114402.0 | ||
| 035 | |a (RuTPU)RU\TPU\network\36933 | ||
| 035 | |a RU\TPU\network\26355 | ||
| 090 | |a 665729 | ||
| 100 | |a 20211110d2019 m y0rusy50 ca | ||
| 101 | 0 | |a rus | |
| 102 | |a RU | ||
| 105 | |a a j 000zy | ||
| 135 | |a jrcn ---uucaa | ||
| 181 | 0 | |a i | |
| 182 | 0 | |a b | |
| 200 | 1 | |a Техника высоких напряжений (13.03.02) / ОФО 2016 / ДО 2015 |e электронный курс |f А. В. Мытников, Е. В. Старцева, И. И. Шолохова |g Национальный исследовательский Томский политехнический университет, Инженерная школа энергетики, Отделение электроэнергетики и электротехники (ОЭЭ) | |
| 203 | |a Текст |c электронный | ||
| 210 | |a Томск |c TPU Moodle |d 2019 | ||
| 300 | |a Заглавие с экрана | ||
| 330 | |a В курсе "Техника высоких напряжений" рассматриваются вопросы о процессах, происходящих в диэлектрических средах под воздействием сильных электрических полей, видах, классах и принципах функционирования изоляции высоковольтного электрооборудования. Кроме этого, рассматриваются вопросы о методах и устройствах измерения на высоком напряжении, о физических основах появления перенапряжений и способах борьбы с ними, а также у обучающихся формируются умения и навыки эксплуатации изоляции высоковольтной техники. Особое внимание уделяется разрядам в воздухе на переменном и постоянном напряжении. Кроме этого, рассматриваются типы перенапряжений и защиты от них. | ||
| 333 | |a Доступ по логину и паролю | ||
| 606 | 1 | |a Техника высоких напряжений |2 stltpush |3 (RuTPU)RU\TPU\subj\60029 |9 77519 | |
| 610 | 1 | |a электронный ресурс | |
| 610 | 1 | |a труды учёных ТПУ | |
| 610 | 1 | |a электронные учебные пособия | |
| 610 | 1 | |a учебные пособия | |
| 610 | 1 | |a Moodle | |
| 610 | 1 | |a e-learning | |
| 610 | 1 | |a электрофизические процессы | |
| 610 | 1 | |a диэлектрические среды | |
| 610 | 1 | |a высоковольтная изоляция | |
| 610 | 1 | |a высокие напряжения | |
| 610 | 1 | |a перенапряжения | |
| 610 | 1 | |a волновые процессы | |
| 675 | |a 621.3.027.3(075.8) |v 4 | ||
| 700 | 1 | |a Мытников |b А. В. |c специалист в области энергетики |c доцент Томского политехнического университета, кандидат технических наук |f 1966- |g Алексей Владимирович |3 (RuTPU)RU\TPU\pers\28065 |9 13027 | |
| 701 | 1 | |a Старцева |b Е. В. |c специалист в области электроэнергетики |c старший преподаватель Томского политехнического университета |f 1975- |g Елена Вячеславовна |3 (RuTPU)RU\TPU\pers\28066 |9 13028 | |
| 701 | 1 | |a Шолохова |b И. И. |c специалист в области электроэнергетики |c старший преподаватель Томского политехнического университета |f 1970- |g Ирина Игоревна |3 (RuTPU)RU\TPU\pers\31873 |9 15949 | |
| 712 | 0 | 2 | |a Национальный исследовательский Томский политехнический университет |b Инженерная школа энергетики |b Отделение электроэнергетики и электротехники (ОЭЭ) |3 (RuTPU)RU\TPU\col\23505 |
| 801 | 2 | |a RU |b 63413507 |c 20220420 |g RCR | |
| 856 | 4 | |u https://design.lms.tpu.ru/course/view.php?id=2914 | |
| 942 | |c CF | ||